000 00803nam a2200205 i 4500
001 110365
003 ES-MaACL
005 20230906185033.0
007 t|
008 061121s1908 fr r ||||1| fre d
100 1 _aOddo, Constantine.
_986515
245 1 0 _aMaladies de la moëlle et du bulbe (non systematisës)
_b: poliomyèlites selèrose en plaques, syringomyèlie /
_cConstantine Oddo.
260 _aParís :
_bEvreux,
_c1908 (
_fCh. Hèrissey et fils)
300 _a376 p. :
_bil. ;
_c18 cm.
490 1 _aEncyclopèdie scientifique. Bibliothèque de neurologie et de psychiatrie
650 4 _aMédula espinal-
_xEnfermedades.
_9165415
830 0 _aEncyclopèdie scientifique. Bibliothèque de neurologie et de psychiatrie
_9233019
852 _aES-MaACL
_jD-4294
999 _c110365
_d110365